000 00888nam a22002295i 4500
001 177251
003 ES-MaACL
005 20230906220304.0
008 110310s2002 sp ao |||| | spa d
020 _a84-95011-38-7
080 _a903(460.27 Alcalá de Henares)
100 1 _aMacarro Rodríguez, José Antonio.
_9145541
245 1 3 _aLa Alcalá prehistórica
_b: el poblado de la Edad del Bronce de "La Dehesa" : _ circa duo milia annorum ante Complutum conditum /
_cJosé Antonio Macarro Rodríguez.
260 _aAlcalá de Henares :
_bFundación Colegio del Rey,
_cD. L. 2002.
300 _a330 p. :
_bil. bl. y n. ;
_c21 cm.
490 1 _aAlcalá-Ensayo ;
_v18
504 _aBibliografía: p. 279-321.
651 4 _aAlcalá de Henares-
_xRestos arqueológicos.
_97649
830 0 _aAlcalá-Ensayo ;
_v18
_9185763
852 _aES-MaACL
_jE-14659
999 _c177251
_d177251